| 000 | 00499nam a2200181 a 4500 | ||
|---|---|---|---|
| 001 | 31139 | ||
| 005 | 20180713234509.0 | ||
| 008 | 140415s1973 mx 000 0 spa d | ||
| 041 | _aspa | ||
| 082 |
_a338 _bGIL |
||
| 100 | 1 | _aGILL, RICHARD T. | |
| 245 | 1 | 3 |
_aLA ECONOMIA Y EL INTERES PRIVADO : _bUNA INTRODUCCION A LA MICROECONOMIA |
| 250 | _a1a ed. | ||
| 260 |
_aMEXICO : _bROBLE, _c1973 |
||
| 300 | _a290 | ||
| 650 | 1 | 4 |
_aECONOMIA _xMACROECONOMIA |
| 700 | 1 |
_aDIES, HAROLDO _etr. |
|
| 999 |
_c31139 _d31139 |
||